Southville International School and Colleges
Your cart is empty.
  • Cart
  • Lists
    Public lists Eva Luna New books Lux_list list_1
    Your lists Log in to create your own lists
  • Log in to your account
  • Your cookies
  • Search history
Southville International School and Colleges
  • Advanced search
  • Recent comments
  • Most popular
  • Libraries

Log in to your account

Log in with GOOGLE


If you do not have an external account, but do have a local account, you can still log in:

  1. Home
  2. MARC view: Corporate giants :
Normal view MARC view ISBD view

Corporate giants : (Record no. 356600)

[ view plain ]
MARC details
000 -LEADER
fixed length control field 00703nam a2200229Ia 4500
008 - FIXED-LENGTH DATA ELEMENTS--GENERAL INFORMATION
fixed length control field 180523s9999 xx 000 0 und d
020 ## - INTERNATIONAL STANDARD BOOK NUMBER
International Standard Book Number 971-834-064-5
050 ## - LIBRARY OF CONGRESS CALL NUMBER
Classification number MAIN BV 4596.B8
050 ## - LIBRARY OF CONGRESS CALL NUMBER
Item number .D37 2002
100 ## - MAIN ENTRY--PERSONAL NAME
Personal name Darden, Robert
245 #0 - TITLE STATEMENT
Title Corporate giants :
245 #0 - TITLE STATEMENT
Remainder of title personal stories of faith and finance /
245 #0 - TITLE STATEMENT
Statement of responsibility, etc Robert Darden and P.J. Richardson.
260 ## - PUBLICATION, DISTRIBUTION, ETC. (IMPRINT)
Place of publication, distribution, etc Manila :
260 ## - PUBLICATION, DISTRIBUTION, ETC. (IMPRINT)
Name of publisher, distributor, etc Lighthous Inspirational Books & Gifts.
260 ## - PUBLICATION, DISTRIBUTION, ETC. (IMPRINT)
Date of publication, distribution, etc 2002
300 ## - PHYSICAL DESCRIPTION
Extent 303 pages :
300 ## - PHYSICAL DESCRIPTION
Dimensions 22 cm.
500 ## - GENERAL NOTE
General note Includes bibliographical references.
650 ## - SUBJECT ADDED ENTRY--TOPICAL TERM
Topical term or geographic name as entry element Businessmen -- United states -- Religious life.
650 ## - SUBJECT ADDED ENTRY--TOPICAL TERM
General subdivision Business -- Religious aspects -- Christianity.
Holdings
Withdrawn status Lost status Damaged status Home library Current library Shelving location Date acquired Cost, normal purchase price Total Checkouts Full call number Barcode Date last seen Price effective from Koha item type
      South Mansfield College South Mansfield College   03/07/2005 595.00   MAIN BV 4596.B8 .D37 2002 SMC00657 05/23/2018 05/23/2018  

Corporate giants :

APA

Darden R., .Corporate giants. Manila: .

Chicago

Darden Robert, .Corporate giants. Manila: .

Harvard

Darden R., .Corporate giants. Manila: .

MLA

Darden Robert, .Manila: . .

  • Place hold
  • Print
  • Cite
  • Add to your cart (remove)
  • Save record
    BIBTEX Dublin Core MARCXML MARC (non-Unicode/MARC-8) MARC (Unicode/UTF-8) MARC (Unicode/UTF-8, Standard) MODS (XML) RIS
  • More searches
    Search for this title in:
    Other Libraries (WorldCat) Other Databases (Google Scholar) Online Stores (Bookfinder.com) Open Library (openlibrary.org)

Exporting to Dublin Core...

SOUTHVILLE LIBRARY

Southville International School and Colleges Library

1281 Tropical Ave. Cor. Luxembourg St., BF Homes International, Las Pinas City

Tel. No. 8256374 / 252358 Loc. 117/146

Powered by Koha